Etelä-Pohjanmaan kunnat - Äkkikuolema - Statistics

Yleistilastot
  • Tätä visaa on pelattu 381 kertaa
  • Keskiarvotulos 13 / 18
Answers on the Grid
Answers color-coded by a green-red scale on the quiz's grid according to % correct below.
Alajärvi
Alavus
Evijärvi
Haapavesi
Ilmajoki
Isojoki
Isokyrö
Kalajärvi
Kankaanpää
Karijoki
Karstula
Karvia
Kauhajoki
Kauhava
Kaustinen
Kihniö
Kivijärvi
Kokkola
Kruunupyy
Kuortane
Kurikka
Lappajärvi
Lapua
Lestijärvi
Maalahti
Multia
Seinäjoki
Siikainen
Soini
Teuva
Tuuri
Vaasa
Vimpeli
Virrat
Vöyri
Ähtäri
 
Vastaustilastot
Vastaus % Oikein
Alajärvi
87%
Alavus
87%
Ilmajoki
79%
Seinäjoki
76%
Kauhajoki
74%
Kauhava
74%
Lapua
74%
Isojoki
73%
Evijärvi
71%
Kurikka
71%
Isokyrö
69%
Lappajärvi
69%
Karijoki
67%
Kuortane
65%
Soini
64%
Ähtäri
63%
Teuva
60%
Vimpeli
58%
Ehtoja vastaavia visoja ei löytynyt
Tulosjakauma
Jokaisen tuloksen saaneiden osuus
Persentiili vastausten määrän mukaan
Tuloshistoriasi
Et ole pelannut tätä visaa